|
|
|
|
| LEADER |
00000nam a2200000 a 4500 |
| 001 |
vtls009163286 |
| 003 |
SK-MaSNL |
| 005 |
20260301081353.0 |
| 008 |
240318s2007 xr g 000 0 cze |
| 020 |
|
|
|a 9788072549603
|q (viaz.)
|
| 040 |
|
|
|a SNK
|b slo
|c SNK
|e AACR2
|
| 041 |
0 |
|
|a cze
|
| 044 |
|
|
|a xr
|c CZ
|
| 072 |
|
7 |
|a 316.4
|x Sociálne procesy
|2 konspekt
|
| 080 |
|
|
|a 316.42"19/20"
|2 2001
|
| 080 |
|
|
|a 321
|2 2001
|
| 080 |
|
|
|a 159.923.2
|2 2001
|
| 080 |
|
|
|a 316.752
|2 2001
|
| 080 |
|
|
|a (049)
|2 2001
|
| 100 |
1 |
|
|a Mokrejš, Antonín,
|d 1932-
|4 aut
|9 109228
|
| 245 |
1 |
0 |
|a Duchovní ráz naší doby
|c Antonín Mokrejš
|
| 250 |
|
|
|a Vyd. 1.
|
| 260 |
|
|
|a V Praze
|b Triton
|c 2007
|
| 300 |
|
|
|a 170 s.
|c 21 cm
|
| 648 |
|
7 |
|a 20.-21. stor.
|2 SNKPH
|9 270701
|
| 648 |
|
7 |
|a 20th-21st centuries
|2 SNKPHeng
|9 285312
|
| 650 |
0 |
7 |
|a postmoderná spoločnosť
|2 SNKPH
|9 1236
|
| 650 |
0 |
7 |
|a liberalizmus
|2 SNKPH
|9 17721
|
| 650 |
0 |
7 |
|a identita
|2 SNKPH
|9 1664
|
| 650 |
0 |
7 |
|a hodnoty
|2 SNKPH
|9 2081
|
| 650 |
0 |
7 |
|a Postmodern society
|2 SNKPHeng
|9 314816
|
| 650 |
0 |
7 |
|a Liberalism
|2 SNKPHeng
|9 330048
|
| 650 |
0 |
7 |
|a Identity
|2 SNKPHeng
|9 319272
|
| 650 |
0 |
7 |
|a Values
|2 SNKPHeng
|9 329065
|
| 655 |
|
7 |
|a rozpravy
|2 SNKPH
|9 70559
|
| 655 |
|
7 |
|a Essays
|2 SNKPHeng
|9 267540
|
| 919 |
|
|
|a 978-80-7254-960-3
|
| 999 |
|
|
|c 655705
|d 657635
|
| 952 |
|
|
|t snkMOK 316.42
|a SNKUST
|b SNKUST
|y PREZ
|7 0
|p 17A0571661
|o snkIC 135915
|i snk2007/26538
|8 4
|g 9.33
|0 0
|1 0
|4 0
|d 2007-11-28
|l 0
|r 2025-04-28 00:00:00
|w 2026-02-23
|